Dopasuj kraj do miasta. - Statystyki

Ogólne statystyki
  • Ten quiz został rozwiązany 202 razy
    110 od ostatniego zresetowania
  • Średni wynik to 8 z 14
Statystyki odpowiedzi
Miasto Państwo % Poprawnych
Washington D.C Stany Zjednoczone
95%
Rotterdam Niderlandy
93%
Ułan-Bator Mongolia
89%
Cardiff Wielka Brytania, Walia
84%
Innsbruck Austria
79%
Murmańsk Rosja
78%
Perth Australia
76%
Bastia Francja, Korsyka
48%
Krajowa Rumunia
35%
Agra Indie
31%
Ittoqqortoormiit Grenlandia (Dania)
27%
Dunedin Nowa Zelandia
16%
As-Suwajra Maroko
12%
Wa Ghana
11%
Nie znaleziono quizów pasujących do podanych kryteriów
Rozkład punktacji
Procent ludzi z każdym wynikiem
Percentyl według liczby udzielonych odpowiedzi
Twoja historia wyników
Nie rozwiązałeś tego quizu od ostatniego zresetowania